Follow That Line: US History Quiz Stats

 Plays Quiz Updated Nov 27, 2018

Support Sporcle.
Go Orange.
Score 0/25 Timer 05:00
12 Plays Today
% Correct
One giant leap for mankind.
95.8%
Ask what you can do for your country.
95.6%
Fear itself.
95.5%
Give me death!
95.2%
Ninety-nine percent perspiration.
95%
I'm not a crook.
94.3%
A date which will live in infamy...
94.3%
But by the content of their character.
93.2%
There's the United States of America.
92.9%
Axis of evil...
92.3%
Carry a big stick; you will go far.
90.9%
Cannot stand.
90.7%
That all men are created equal...
90.6%
% Correct
Yet today I consider myself the luckiest man on the face of the earth.
90.1%
One life to lose for my country.
89.9%
Tear down this wall!
89.8%
Deserve neither liberty nor safety.
89%
No new taxes.
88.3%
Remember, all men would be tyrants if they could.
86.3%
Upon a cross of gold.
84.9%
To a New Deal for the American people.
84.2%
Try men's souls.
82.7%
Ich bin ein Berliner.
78.9%
The destroyer of worlds.
78.3%
Shall not perish from the Earth.
78%

From the Vault

Most Expensive Cities

by davidr

Buying a one-way ticket to one of these cities might be a false economy.
Remove Ads.
Support Sporcle.
Get the best of Sporcle when you Go Orange. This ad-free experience offers more features, more stats, and more fun while also helping to support Sporcle. Thank you for becoming a member.

Show Comments

Extras

Top Quizzes Today


Score Distribution

Your Account Isn't Verified!

In order to create a playlist on Sporcle, you need to verify the email address you used during registration. Go to your Sporcle Settings to finish the process.

Report this User

Report this user for behavior that violates our Community Guidelines.

Details: